| 000 | 00807cam a22002411a 4500 | ||
|---|---|---|---|
| 001 | e 23000324 | ||
| 003 | DLC | ||
| 005 | 20260227111215.0 | ||
| 008 | 860528s1923 dcu f000 0 eng c | ||
| 010 | _ae 23000324 | ||
| 035 | _a(OCoLC)13653627 | ||
| 040 |
_aU.S. Off. of Educ. Library _cABAU _dABAU _dDLC |
||
| 042 | _apremarc | ||
| 050 | 0 | 0 |
_aL111 _b.A6 1923, no. 37 |
| 051 |
_aLA622 _b.W3 |
||
| 100 | 1 |
_aWashburne, Carleton, _d1889-1968. |
|
| 245 | 1 | 0 |
_aProgressive tendencies in European education / _cby C.W. Washburne. |
| 260 |
_aWashington : _bG.P.O., _c1923. |
||
| 300 |
_aiii, 31 p. ; _c23 cm. |
||
| 490 | 1 |
_aBulletin / Department of the Interior, Bureau of Education ; _v1923, no. 37 |
|
| 650 | 0 |
_aEducation _zEurope. |
|
| 830 | 0 |
_aBulletin (United States. Bureau of Education) ; _v1923, no. 37 |
|
| 999 |
_c20658 _d20658 |
||